000 00837nam a2200265 4500
001 10169
003 BD-RjUL
005 20211208234914.0
008 140123s1969 nyua b 001 0 eng
020 _a0805387900
035 _a(BD-RjUL)10217
040 _aDLC
_cDLC
_dDLC
_dBD-RjUL
_beng
041 _aeng
082 0 0 _223
_a547.02
_bSHO 1969
100 1 _aSheppard, William A.,
_d1928-
_931392
245 1 0 _aOrganic fluorine chemistry /
_cWilliam A. Sheppard [and] Clay M. Sharts.
260 _aNew York :
_bW. A. Benjamin,
_c1969.
300 _axvi, 602 p. :
_billus. ;
_c24 cm.
490 0 _aFrontiers in chemistry
504 _aIncludes bibliographical references and index.
650 0 _aOrganofluorine compounds.
_931393
700 1 _aSharts, Clay M.,
_d1931-
_ejoint author.
_931394
942 _2ddc
_cBK
999 _c10169
_d10169